Normal view
MARC view
- Difference equations.
Entry Topical Term
001 - CONTROL NUMBER
- control field: 11012
003 - CONTROL NUMBER IDENTIFIER
- control field: NUST
005 - DATE AND TIME OF LATEST TRANSACTION
- control field: 20180605073533.0
008 - FIXED-LENGTH DATA ELEMENTS
- fixed length control field: 180605|| aca||aabn | a|a d
040 ## - CATALOGING SOURCE
- Original cataloging agency: NUST
- Transcribing agency: NUST
150 ## - HEADING--TOPICAL TERM
- Topical term or geographic name entry element: Difference equations.
670 ## - SOURCE DATA FOUND
- Source citation: Work cat.: (NUST)0: Mickens, Ronald E., 1943- author. 11011, Difference Equations :
